[Event "2nd Hersonissos Open 2018"]
[Site "Hersonissos"]
[Date "2018.06.18"]
[Round "2"]
[White "Papidakis, Georgios"]
[Black "Umbetov, Kazybek"]
[Result "0-1"]
[WhiteElo "1710"]
[BlackElo "2001"]
[Annotator "NA RC"]
[PlyCount "78"]
[EventDate "2018.06.16"]
[EventType "swiss"]
[EventCountry "GRE"]
[SourceTitle "playchess.com"]
[Source "ChessBase"]
[SourceQuality "1"]
[TimeControl "5400+30"]

{[%evp 8,59,46,25,33,21,37,43,43,43,42,49,68,13,18,17,66,53,42,22,14,4,52,13,74,66,85,79,114,88,84,64,72,47,77,72,92,51,68,35,40,0,0,0,0,0,0,14,0,32767,32767,32767,32767,-216]} 1. d4 {[%emt 0:00:00]} Nf6 {[%emt 0:00:04]} 2. Bf4 {[%emt 0:00:00]} d5 {[%emt 0:00:09]} 3. e3 {[%emt 0:00:00]} c6 {[%emt 0:00:03]} 4. c4 {[%emt 0:00:33]} Qb6 {[%emt 0:02:34] D10: Slav Defence: 3 cxd5 (without early Nf3) and 3 Nc3} (4... e6 5. Nc3 Bd6 6. Bxd6 Qxd6 7. Nf3 O-O 8. Qc2 Nbd7 9. Rd1 b6 10. Be2 Bb7 11. O-O Qe7 12. e4 dxe4 13. Nxe4 c5 14. Nc3 cxd4 15. Nxd4 {1-0 (46) Kramnik,V (2777)-Dubov,D (2661) Berlin 2015}) 5. Qb3 {[%emt 0:00:06]} Bf5 {[%emt 0:06:53]} 6. Nc3 {[%emt 0:00:56]} e6 {[%emt 0:00:13]} 7. c5 {[%emt 0:00:04]} Qxb3 {[%emt 0:01:14]} 8. axb3 {[%emt 0:00:02]} Nbd7 {[%emt 0:01:40]} 9. b4 {[%emt 0:01:55] LiveBook: 13 Games} Nh5 {[%emt 0:04:56]} 10. Bg3 {[%emt 0:01:23]} (10. Bc7 $16) 10... Nxg3 {[%emt 0:08:29]} 11. hxg3 {[%emt 0:00:09]} g5 $146 {[%emt 0:02:27]} ({Predecessor:} 11... Be7) 12. Kd2 {[%emt 0:13:40]} Bg7 {[%emt 0:04:01]} 13. Bd3 {[%emt 0:01:45]} Bxd3 {[%emt 0:00:38]} 14. Kxd3 {[%emt 0:00:02]} O-O {[%emt 0:00:27]} 15. f4 {[%emt 0:07:58]} gxf4 {[%emt 0:17:59]} (15... a6 $11 {keeps the balance.}) 16. gxf4 {[%emt 0:00:49]} a6 {[%emt 0:04:47]} 17. Nf3 {[%emt 0:04:30]} Rae8 {[%emt 0:09:08]} 18. Rh3 {[%emt 0:02:55]} f5 {[%emt 0:04:25]} 19. Rg1 {[%emt 0:10:21]} Nf6 {[%emt 0:01:28]} 20. Ke2 {[%emt 0:04:54]} Re7 {[%emt 0:07:30]} 21. Ne5 {[%emt 0:03:37]} Ne4 {[%emt 0:01:28]} 22. Nxe4 {[%emt 0:00:28]} fxe4 {[%emt 0:00:38]} 23. Ng4 {[%emt 0:00:29]} b6 {[%emt 0:01:07]} 24. Kd2 {[%emt 0:02:34]} bxc5 {[%emt 0:00:25]} 25. bxc5 {[%emt 0:00:13]} Rb8 {[%emt 0:00:09]} 26. Kc2 {[%emt 0:03:21]} Reb7 {[%emt 0:00:15]} 27. Rb1 {[%emt 0:00:15]} a5 {[%emt 0:05:09]} 28. Rhh1 {[%emt 0:02:18]} Rb3 {[%emt 0:00:41]} 29. Rhe1 {[%emt 0:00:19]} a4 {[%emt 0:00:59]} 30. Nh2 $19 {[%emt 0:05:19]} (30. Nf2 $17 {was necessary.}) 30... R8b4 {[%emt 0:00:30]} 31. Re2 {[%emt 0:13:49]} Bf6 {[%emt 0:04:33]} 32. g3 {[%emt 0:03:06]} Bd8 {[%emt 0:00:15]} 33. Ng4 {[%emt 0:01:29]} Bc7 {[%emt 0:04:40]} 34. Nf6+ {[%emt 0:14:11]} Kf7 {[%emt 0:00:08]} 35. Nxh7 {[%emt 0:00:04]} Rc4+ {[%emt 0:00:44]} 36. Kd1 {[%emt 0:00:24]} Ba5 {[%emt 0:00:24]} 37. Rg2 {[%emt 0:03:55]} Rxe3 {[%emt 0:00:18]} 38. Ng5+ {[%emt 0:00:32]} Kg6 {[%emt 0:00:01]} 39. b3 {[%emt 0:00:33]} Re1# {[%emt 0:00:11]} 0-1

[Event "2nd Hersonissos Open 2018"]
[Site "Hersonissos"]
[Date "2018.06.18"]
[Round "2"]
[White "Ivanov, Svetlen"]
[Black "Aggelakis, Ilias"]
[Result "1-0"]
[WhiteElo "1591"]
[BlackElo "1683"]
[Annotator "NA RC"]
[PlyCount "83"]
[EventDate "2018.06.16"]
[EventType "swiss"]
[EventCountry "GRE"]
[SourceTitle "playchess.com"]
[Source "ChessBase"]
[SourceQuality "1"]
[TimeControl "5400+30"]

1. d4 {[%emt 0:00:00]} Nf6 {[%emt 0:00:51]} 2. Nf3 {[%emt 0:00:00]} d5 {[%emt 0:03:30]} 3. c4 {[%emt 0:00:20]} e6 {[%emt 0:00:19]} 4. g3 {[%emt 0:00:07]} Bb4+ {[%emt 0:01:44]} 5. Bd2 {[%emt 0:01:36]} Bxd2+ {[%emt 0:00:22]} 6. Qxd2 {[%emt 0:00:39]} O-O {[%emt 0:00:43]} 7. Bg2 {[%emt 0:01:05]} Ne4 {[%emt 0:01:49]} 8. Qc2 {[%emt 0:01:12]} Nd7 {[%emt 0:02:33]} 9. Nbd2 {[%emt 0:02:08]} Ndf6 {[%emt 0:03:39]} 10. Ne5 {[%emt 0:06:19]} Nxd2 {[%emt 0:01:27]} 11. Qxd2 {[%emt 0:00:12]} Qe7 {[%emt 0:03:11]} 12. O-O {[%emt 0:02:39]} Rd8 {[%emt 0:02:59]} 13. cxd5 {[%emt 0:03:04]} exd5 {[%emt 0:01:37]} 14. Rfc1 {[%emt 0:01:43]} c6 {[%emt 0:04:32]} 15. b4 {[%emt 0:02:41]} Ne4 {[%emt 0:06:33]} 16. Qb2 {[%emt 0:03:20]} Nd6 {[%emt 0:06:53]} 17. e3 {[%emt 0:04:20]} f6 {[%emt 0:00:37]} 18. Nd3 {[%emt 0:00:29]} Nc4 {[%emt 0:00:24]} 19. Qb3 {[%emt 0:00:43]} Bf5 {[%emt 0:02:38]} 20. a3 {[%emt 0:07:40]} Bxd3 {[%emt 0:00:51]} 21. Qxd3 {[%emt 0:00:11]} b5 {[%emt 0:08:43]} 22. Qc3 {[%emt 0:04:08]} a5 {[%emt 0:03:45]} 23. Bf1 {[%emt 0:02:00]} axb4 {[%emt 0:01:32]} 24. axb4 {[%emt 0:00:04]} Re8 {[%emt 0:05:07]} 25. Rxa8 {[%emt 0:03:23]} Rxa8 {[%emt 0:00:08]} 26. Ra1 {[%emt 0:00:05]} Rxa1 {[%emt 0:02:08]} 27. Qxa1 {[%emt 0:00:17]} Qb7 {[%emt 0:01:09]} 28. Bd3 {[%emt 0:01:22]} Nd6 {[%emt 0:03:43]} 29. Qa5 {[%emt 0:01:13]} Qd7 {[%emt 0:04:30]} 30. Qa8+ {[%emt 0:00:57]} Qe8 {[%emt 0:00:10]} 31. Qxe8+ {[%emt 0:00:50]} Nxe8 {[%emt 0:00:04]} 32. Bf5 {[%emt 0:00:03]} Nc7 {[%emt 0:00:53]} 33. Bd7 {[%emt 0:01:57]} Na6 {[%emt 0:00:05]} 34. Bxc6 {[%emt 0:00:04]} Nxb4 {[%emt 0:00:04]} 35. Bxb5 {[%emt 0:00:04]} Kf7 {[%emt 0:00:16]} 36. Kf1 {[%emt 0:00:13]} Ke6 {[%emt 0:00:10]} 37. Ke2 {[%emt 0:00:04]} Nc2 {[%emt 0:00:49]} 38. Kd2 {[%emt 0:00:46]} Na3 {[%emt 0:00:15]} 39. Ba6 {[%emt 0:00:11]} Kf5 {[%emt 0:01:20]} 40. f3 {[%emt 0:00:00]} g5 {[%emt 0:00:00]} 41. Bd3+ {[%emt 0:00:00]} Ke6 {[%emt 0:00:00]} 42. Kc3 {[%emt 0:00:00]} 1-0

[Event "2nd Hersonissos Open 2018"]
[Site "Hersonissos"]
[Date "2018.06.18"]
[Round "3"]
[White "Delchev, Aleksander"]
[Black "Lirindzakis, Timotheos"]
[Result "1-0"]
[WhiteElo "2563"]
[BlackElo "2163"]
[Annotator "TA"]
[PlyCount "57"]
[EventDate "2018.06.16"]
[EventType "swiss"]
[EventCountry "GRE"]
[SourceTitle "playchess.com"]
[Source "ChessBase"]
[SourceQuality "1"]

{[%evp 19,57,19,14,-16,0,-2,7,5,7,-6,0,0,0,-10,-17,-16,-8,-6,0,0,0,-11,74,10,27,0,26,25,19,26,15,25,18,20,31,21,142,152,366,371]} 1. c4 Nf6 2. Nf3 e6 3. b3 d5 4. Bb2 Be7 5. e3 b6 6. cxd5 {A13: English Opening: 1...e6} exd5 7. Nc3 O-O 8. Be2 Re8 9. O-O Bb7 10. Rc1 Nbd7 {LiveBook: 5 Games} 11. Qc2 Bf8 12. Rfd1 a6 13. d4 Bd6 14. Bd3 Qe7 15. Ne2 Rac8 16. Ng3 g6 17. Qe2 Ne4 18. Rc2 Ra8 19. Rdc1 Rec8 20. Nd2 c5 (20... f5 $11) 21. dxc5 (21. Bxe4 $1 $16 {Threatens to win with Bf3.} dxe4 22. Qg4) 21... Ndxc5 22. b4 Nxg3 23. hxg3 Na4 24. Ba1 Rxc2 25. Rxc2 Bxb4 26. Qg4 $36 {[%mdl 2048] Strongly threatening Nf3. White has some pressure.} b5 27. Nb3 {[%mdl 1024] White has compensation.} Bd6 {[#]} (27... Rf8 $11) 28. Na5 $1 $16 {Qd4 is the strong threat.} ({Much worse is} 28. Qd4 $6 f6 $11) 28... Re8 $2 (28... Nc5 $16 {keeps fighting.} 29. Nxb7 (29. Qd4 f6 $16) 29... Nxb7) 29. Qd4 {Precision: White = 54%, Black = 22%.} 1-0

[Event "2nd Hersonissos Open 2018"]
[Site "Hersonissos"]
[Date "2018.06.18"]
[Round "3"]
[White "Salomon, Johan"]
[Black "Lobersli, Henrik Oie"]
[Result "1-0"]
[WhiteElo "2474"]
[BlackElo "2134"]
[Annotator "TA"]
[PlyCount "45"]
[EventDate "2018.06.16"]
[EventType "swiss"]
[EventCountry "GRE"]
[SourceTitle "playchess.com"]
[Source "ChessBase"]
[SourceQuality "1"]

{[%evp 26,45,39,1,19,5,92,92,93,62,93,82,288,314,297,253,258,256,260,229,375,377]} 1. Nf3 Nf6 2. c4 e6 3. Nc3 d5 4. e3 c5 5. cxd5 exd5 6. d4 Nc6 7. Bb5 a6 8. Bxc6+ bxc6 9. O-O Bd6 10. dxc5 Bxc5 11. b3 Bg4 12. Bb2 O-O 13. Ne2 Bd6 14. Ng3 {LiveBook: 3 Partien. D32: Damengambit (Tarrasch-Verteidigung)} Rc8 15. Qd3 a5 (15... Qe7 $11 {hält das Gleichgewicht.}) 16. Ng5 $16 {Weiß steht besser.} g6 17. h3 Be6 18. Rad1 {Droht Dc3 und aus.} Nd7 $2 {[#]} (18... c5 $16) 19. Qd4 $1 $18 {[%csl Gb2][%cal Rd4h8]} ({Weniger gut wäre} 19. Nxe6 fxe6 20. Ne4 Be5 $14) 19... Be5 20. Qh4 {[%csl Gg5][%cal Rh4h7]} h5 21. Bxe5 Nxe5 22. f4 {[%cal Bf2f4,Bf4f5][%mdl 32]} Nd7 (22... Ng4 $142) 23. f5 {Precision: Weiß = 70%, Schwarz = 10%.} 1-0

[Event "2nd Hersonissos Open 2018"]
[Site "Hersonissos"]
[Date "2018.06.18"]
[Round "3"]
[White "Hommeles, Theo"]
[Black "Angermuende, Dirk"]
[Result "1-0"]
[WhiteElo "2361"]
[BlackElo "1966"]
[Annotator "NA"]
[PlyCount "68"]
[EventDate "2018.06.16"]
[EventType "swiss"]
[EventCountry "GRE"]
[SourceTitle "playchess.com"]
[Source "ChessBase"]
[SourceQuality "1"]
[TimeControl "5400+30"]

1. e4 {[%emt 0:00:00]} e6 {[%emt 0:00:11]} 2. d4 {[%emt 0:00:00]} d5 {[%emt 0:00:06]} 3. Nc3 {[%emt 0:00:00]} Nf6 {[%emt 0:00:21]} 4. e5 {[%emt 0:00:00]} Nfd7 {[%emt 0:00:06]} 5. f4 {[%emt 0:00:02]} c5 {[%emt 0:00:20]} 6. Nf3 {[%emt 0:00:06]} Nc6 {[%emt 0:00:10]} 7. Be3 {[%emt 0:00:20]} a6 {[%emt 0:00:28]} 8. Qd2 {[%emt 0:00:12]} b5 {[%emt 0:00:19]} 9. dxc5 {[%emt 0:00:18]} Bxc5 {[%emt 0:01:21]} 10. Bxc5 {[%emt 0:00:08]} Nxc5 {[%emt 0:00:08]} 11. Qf2 {[%emt 0:00:05]} Qb6 {[%emt 0:01:47]} 12. Bd3 {[%emt 0:00:08]} b4 {[%emt 0:05:14]} 13. Ne2 {[%emt 0:00:08]} a5 {[%emt 0:02:23]} 14. O-O {[%emt 0:00:08]} Na4 {[%emt 0:02:35]} 15. Qxb6 {[%emt 0:22:37]} Nxb6 {[%emt 0:00:13]} 16. Nfd4 {[%emt 0:01:10]} Nxd4 {[%emt 0:01:22]} 17. Nxd4 {[%emt 0:00:08]} O-O {[%emt 0:02:24]} 18. a3 {[%emt 0:04:27]} Bd7 {[%emt 0:02:10]} 19. b3 {[%emt 0:03:43]} f6 {[%emt 0:15:50]} 20. Rfe1 {[%emt 0:02:18]} bxa3 {[%emt 0:18:27]} 21. Rxa3 {[%emt 0:02:34]} a4 {[%emt 0:04:04]} 22. f5 {[%emt 0:10:05]} fxe5 {[%emt 0:02:56]} 23. fxe6 {[%emt 0:03:05]} exd4 {[%emt 0:01:15]} 24. exd7 {[%emt 0:00:09]} Nxd7 {[%emt 0:01:03]} 25. bxa4 {[%emt 0:11:51]} Nb6 {[%emt 0:09:52]} 26. Bb5 {[%emt 0:06:50]} Nc4 {[%emt 0:01:17]} 27. Rd3 {[%emt 0:04:42]} Ne3 {[%emt 0:00:22]} 28. Rc1 {[%emt 0:00:11]} Rac8 {[%emt 0:02:51]} 29. Rxd4 {[%emt 0:01:03]} Rc5 {[%emt 0:05:35]} 30. c3 {[%emt 0:06:25]} Rfc8 {[%emt 0:01:51]} 31. Rd3 {[%emt 0:00:24]} Nf5 {[%emt 0:04:11]} 32. Bd7 {[%emt 0:01:10]} Rf8 {[%emt 0:00:02]} 33. Be6+ {[%emt 0:07:01]} Kh8 {[%emt 0:00:39]} 34. Rf1 {[%emt 0:00:58]} Rf6 {[%emt 0:00:41]} 1-0

[Event "2nd Hersonissos Open 2018"]
[Site "Hersonissos"]
[Date "2018.06.18"]
[Round "3"]
[White "Risting, Eivind Olav"]
[Black "Stefanov, Evtim"]
[Result "1-0"]
[WhiteElo "2301"]
[BlackElo "1959"]
[Annotator "NA"]
[PlyCount "59"]
[EventDate "2018.06.16"]
[EventType "swiss"]
[EventCountry "GRE"]
[SourceTitle "playchess.com"]
[Source "ChessBase"]
[SourceQuality "1"]
[TimeControl "5400+30"]

1. Nf3 {[%emt 0:00:00]} d5 {[%emt 0:10:02]} 2. g3 {[%emt 0:00:00]} Nf6 {[%emt 0:02:21]} 3. Bg2 {[%emt 0:00:17]} Bg4 {[%emt 0:02:50]} 4. O-O {[%emt 0:02:16]} e6 {[%emt 0:00:41]} 5. c4 {[%emt 0:01:12]} c6 {[%emt 0:00:48]} 6. cxd5 {[%emt 0:02:09]} Bxf3 {[%emt 0:02:28]} 7. Bxf3 {[%emt 0:00:29]} cxd5 {[%emt 0:00:08]} 8. d3 {[%emt 0:01:23]} Nc6 {[%emt 0:01:19]} 9. Nc3 {[%emt 0:05:12]} Be7 {[%emt 0:10:09]} 10. Bf4 {[%emt 0:03:44]} O-O {[%emt 0:01:40]} 11. Rc1 {[%emt 0:14:39]} Rc8 {[%emt 0:03:32]} 12. Bg2 {[%emt 0:04:35]} Qd7 {[%emt 0:00:31]} 13. a3 {[%emt 0:11:49]} Nd4 {[%emt 0:10:28]} 14. Re1 {[%emt 0:06:14]} Nb5 {[%emt 0:03:38]} 15. Bd2 {[%emt 0:11:31]} Rfd8 {[%emt 0:03:24]} 16. Qb3 {[%emt 0:01:28]} Nd4 {[%emt 0:02:31]} 17. Qa2 {[%emt 0:00:54]} a6 {[%emt 0:01:46]} 18. Be3 {[%emt 0:06:52]} Nb5 {[%emt 0:05:44]} 19. Bb6 {[%emt 0:05:54]} Re8 {[%emt 0:00:50]} 20. a4 {[%emt 0:03:32]} Rc6 {[%emt 0:05:46]} 21. Be3 {[%emt 0:04:12]} Nd6 {[%emt 0:03:48]} 22. Bf4 {[%emt 0:01:57]} Rec8 {[%emt 0:05:20]} 23. e4 {[%emt 0:04:37]} dxe4 {[%emt 0:20:18]} 24. dxe4 {[%emt 0:00:06]} Nc4 {[%emt 0:01:23]} 25. Red1 {[%emt 0:01:21]} Qe8 {[%emt 0:00:09]} 26. e5 {[%emt 0:00:06]} Nd5 {[%emt 0:00:30]} 27. Nxd5 {[%emt 0:00:11]} exd5 {[%emt 0:00:29]} 28. Bxd5 {[%emt 0:00:07]} Rc5 {[%emt 0:01:17]} 29. Rxc4 {[%emt 0:00:32]} Rxc4 {[%emt 0:00:23]} 30. Bxc4 {[%emt 0:00:08]} 1-0

[Event "2nd Hersonissos Open 2018"]
[Site "Hersonissos"]
[Date "2018.06.18"]
[Round "3"]
[White "Djingarova, Emilia"]
[Black "Adair, James R"]
[Result "0-1"]
[WhiteElo "2218"]
[BlackElo "2485"]
[Annotator "TA"]
[PlyCount "52"]
[EventDate "2018.06.16"]
[EventType "swiss"]
[EventCountry "GRE"]
[SourceTitle "playchess.com"]
[Source "ChessBase"]
[SourceQuality "1"]

{[%evp 18,52,-16,-9,-18,-18,-8,-7,-15,-36,-25,-35,-22,-15,-14,-25,-27,-43,-30,-43,-39,-308,-304,-315,-310,-310,-314,-310,-301,-343,-270,-313,-313,-313,-307,-303,-288]} 1. Nf3 d5 2. g3 g6 3. Bg2 Bg7 4. O-O e5 5. d3 Ne7 6. Nbd2 O-O 7. e4 Nbc6 8. exd5 Nxd5 9. Nc4 {A07: Barcza-System (Königsfianchetto mit möglichen Übergängen in andere Systeme)} Re8 10. Re1 {LiveBook: 20 Partien} Bf5 11. Ne3 {Die Stellung ist ausgeglichen.} Nxe3 12. Bxe3 Qd7 13. Qd2 a5 14. Bh6 Bxh6 15. Qxh6 f6 16. a3 Rad8 17. h3 Be6 18. Nd2 Nd4 $36 {[%mdl 2048] Weiss steht unter Druck.} 19. Rac1 $2 {[%mdl 8192] [#]} (19. Ne4 $15 Qe7 20. Rac1) 19... Nf5 $19 {Schwarz hat entscheidenden Vorteil.} 20. Ne4 Nxh6 21. Nxf6+ Kg7 22. Nxd7 Bxd7 23. Bxb7 Bxh3 24. Bc6 Bd7 25. Bxd7 Rxd7 26. Re4 Nf7 {Precision: Weiß = 31%, Schwarz = 81%.} 0-1

[Event "2nd Hersonissos Open 2018"]
[Site "Hersonissos"]
[Date "2018.06.18"]
[Round "3"]
[White "Serpetsidakis, Nikolaos"]
[Black "Bras, Emanouel"]
[Result "1-0"]
[WhiteElo "2126"]
[BlackElo "1859"]
[Annotator "NA"]
[PlyCount "60"]
[EventDate "2018.06.16"]
[EventType "swiss"]
[EventCountry "GRE"]
[SourceTitle "playchess.com"]
[Source "ChessBase"]
[SourceQuality "1"]
[TimeControl "5400+30"]

1. d4 {[%emt 0:00:00]} d5 {[%emt 0:00:21]} 2. c4 {[%emt 0:00:00]} c6 {[%emt 0:00:25]} 3. Nf3 {[%emt 0:00:07]} Nf6 {[%emt 0:00:10]} 4. e3 {[%emt 0:00:20]} Bg4 {[%emt 0:01:18]} 5. Nc3 {[%emt 0:00:32]} e6 {[%emt 0:00:54]} 6. h3 {[%emt 0:00:13]} Bh5 {[%emt 0:01:45]} 7. g4 {[%emt 0:00:44]} Bg6 {[%emt 0:00:41]} 8. Ne5 {[%emt 0:00:19]} Nbd7 {[%emt 0:04:57]} 9. Nxg6 {[%emt 0:01:04]} hxg6 {[%emt 0:00:50]} 10. Bd2 {[%emt 0:02:28]} Be7 {[%emt 0:08:20]} 11. cxd5 {[%emt 0:16:30]} Nxd5 {[%emt 0:06:33]} 12. e4 {[%emt 0:03:57]} N5b6 {[%emt 0:02:52]} 13. Bf4 {[%emt 0:06:27]} Bg5 {[%emt 0:01:23]} 14. Qd2 {[%emt 0:01:24]} Bxf4 {[%emt 0:01:20]} 15. Qxf4 {[%emt 0:00:46]} Qe7 {[%emt 0:06:50]} 16. Qe3 {[%emt 0:06:50]} Qb4 {[%emt 0:10:40]} 17. O-O-O {[%emt 0:05:05]} Na4 {[%emt 0:10:17]} 18. Rd2 {[%emt 0:07:05]} Nxc3 {[%emt 0:03:16]} 19. bxc3 {[%emt 0:01:41]} Qa5 {[%emt 0:01:10]} 20. Rb2 {[%emt 0:09:59]} O-O {[%emt 0:06:02]} 21. Kb1 {[%emt 0:04:31]} b5 {[%emt 0:06:46]} 22. h4 {[%emt 0:05:05]} Rfb8 {[%emt 0:08:47]} 23. h5 {[%emt 0:02:12]} b4 {[%emt 0:04:12]} 24. c4 {[%emt 0:00:45]} g5 {[%emt 0:05:43]} 25. e5 {[%emt 0:06:40]} Qd8 {[%emt 0:05:54]} 26. Qe4 {[%emt 0:08:59]} Nf8 {[%emt 0:01:26]} 27. Bg2 {[%emt 0:01:05]} a5 {[%emt 0:00:14]} 28. Rd1 {[%emt 0:00:29]} Ra6 {[%emt 0:00:45]} 29. Bf1 {[%emt 0:02:38]} a4 {[%emt 0:00:37]} 30. c5 {[%emt 0:00:12]} Raa8 1-0

[Event "2nd Hersonissos Open 2018"]
[Site "Hersonissos"]
[Date "2018.06.18"]
[Round "3"]
[White "Loshkarev, Dmitri"]
[Black "Haug, Johannes"]
[Result "1/2-1/2"]
[WhiteElo "2089"]
[BlackElo "2401"]
[Annotator "NA"]
[PlyCount "70"]
[EventDate "2018.06.16"]
[EventType "swiss"]
[EventCountry "GRE"]
[SourceTitle "playchess.com"]
[Source "ChessBase"]
[SourceQuality "1"]
[TimeControl "5400+30"]

1. e4 {[%emt 0:00:00]} e5 {[%emt 0:00:50]} 2. Nc3 {[%emt 0:00:00]} Nf6 {[%emt 0:02:18]} 3. Bc4 {[%emt 0:00:00]} Bc5 {[%emt 0:05:37]} 4. d3 {[%emt 0:00:04]} d6 {[%emt 0:01:54]} 5. Na4 {[%emt 0:02:30]} Bb4+ {[%emt 0:07:03]} 6. c3 {[%emt 0:00:42]} Ba5 {[%emt 0:00:05]} 7. b4 {[%emt 0:00:10]} Bb6 {[%emt 0:00:06]} 8. Nxb6 {[%emt 0:00:07]} axb6 {[%emt 0:00:06]} 9. Bb3 {[%emt 0:09:07]} Be6 {[%emt 0:02:38]} 10. Nf3 {[%emt 0:13:10]} Bxb3 {[%emt 0:08:53]} 11. Qxb3 {[%emt 0:00:13]} O-O {[%emt 0:00:07]} 12. O-O {[%emt 0:01:37]} h6 {[%emt 0:01:55]} 13. h3 {[%emt 0:09:32]} Nc6 {[%emt 0:03:05]} 14. Re1 {[%emt 0:08:07]} Ne7 {[%emt 0:05:14]} 15. Be3 {[%emt 0:11:48]} Ng6 {[%emt 0:01:26]} 16. a4 {[%emt 0:05:10]} d5 {[%emt 0:09:41]} 17. exd5 {[%emt 0:04:15]} Nxd5 {[%emt 0:04:39]} 18. c4 {[%emt 0:01:24]} Nf6 {[%emt 0:06:48]} 19. d4 {[%emt 0:08:53]} e4 {[%emt 0:06:06]} 20. Ne5 {[%emt 0:04:00]} Nh4 {[%emt 0:00:40]} 21. a5 {[%emt 0:01:48]} bxa5 {[%emt 0:05:15]} 22. Rxa5 {[%emt 0:00:21]} Ng6 {[%emt 0:06:36]} 23. Nxg6 {[%emt 0:03:06]} fxg6 {[%emt 0:00:01]} 24. Rxa8 {[%emt 0:00:19]} Qxa8 {[%emt 0:00:08]} 25. d5 {[%emt 0:01:38]} Qc8 {[%emt 0:02:10]} 26. Bd4 {[%emt 0:02:37]} Qf5 {[%emt 0:01:04]} 27. Qe3 {[%emt 0:00:35]} b5 {[%emt 0:04:49]} 28. Bxf6 {[%emt 0:00:50]} Rxf6 {[%emt 0:00:44]} 29. cxb5 {[%emt 0:00:46]} Qxd5 {[%emt 0:00:22]} 30. Qxe4 {[%emt 0:00:37]} Qxb5 {[%emt 0:00:27]} 31. Qe8+ {[%emt 0:00:47]} Qxe8 {[%emt 0:00:08]} 32. Rxe8+ {[%emt 0:00:05]} Kf7 {[%emt 0:00:29]} 33. Rc8 {[%emt 0:00:13]} Rc6 {[%emt 0:00:07]} 34. b5 {[%emt 0:00:46]} Rc5 {[%emt 0:00:07]} 35. Rb8 {[%emt 0:00:24]} g5 {[%emt 0:00:54]} 1/2-1/2

[Event "2nd Hersonissos Open 2018"]
[Site "Hersonissos"]
[Date "2018.06.18"]
[Round "3"]
[White "Umbetov, Kazybek"]
[Black "L'ami, Alina"]
[Result "1/2-1/2"]
[WhiteElo "2001"]
[BlackElo "2307"]
[Annotator "NA"]
[PlyCount "86"]
[EventDate "2018.06.16"]
[EventType "swiss"]
[EventCountry "GRE"]
[SourceTitle "playchess.com"]
[Source "ChessBase"]
[SourceQuality "1"]
[TimeControl "5400+30"]

1. d4 {[%emt 0:00:00]} Nf6 {[%emt 0:00:00]} 2. c4 {[%emt 0:00:00]} g6 {[%emt 0:00:00]} 3. Nc3 {[%emt 0:00:00]} Bg7 {[%emt 0:00:00]} 4. e4 {[%emt 0:00:00]} d6 {[%emt 0:00:00]} 5. Nf3 {[%emt 0:00:00]} O-O {[%emt 0:00:00]} 6. Be2 {[%emt 0:00:00]} e5 {[%emt 0:00:31]} 7. O-O {[%emt 0:00:00]} Nc6 {[%emt 0:00:03]} 8. d5 {[%emt 0:00:00]} Ne7 {[%emt 0:00:05]} 9. b4 {[%emt 0:00:05]} Nh5 {[%emt 0:00:35]} 10. Re1 {[%emt 0:00:08]} f5 {[%emt 0:00:17]} 11. Ng5 {[%emt 0:00:38]} Nf6 {[%emt 0:00:16]} 12. f3 {[%emt 0:00:21]} Kh8 {[%emt 0:02:15]} 13. c5 {[%emt 0:01:09]} h6 {[%emt 0:07:30]} 14. Ne6 {[%emt 0:00:34]} Bxe6 {[%emt 0:00:07]} 15. dxe6 {[%emt 0:00:03]} d5 {[%emt 0:10:14]} 16. exd5 {[%emt 0:02:08]} Nfxd5 {[%emt 0:09:06]} 17. Nxd5 {[%emt 0:01:06]} Qxd5 {[%emt 0:22:53]} 18. Qb3 {[%emt 0:06:50]} Qxb3 {[%emt 0:06:01]} 19. axb3 {[%emt 0:00:02]} Nc6 {[%emt 0:06:18]} 20. Bb5 {[%emt 0:01:30]} Rfe8 {[%emt 0:06:54]} 21. Bxc6 {[%emt 0:01:02]} bxc6 {[%emt 0:00:04]} 22. Ra6 {[%emt 0:02:20]} Rxe6 {[%emt 0:01:21]} 23. Bb2 {[%emt 0:10:44]} Rb8 {[%emt 0:09:00]} 24. Bc3 {[%emt 0:04:17]} e4 {[%emt 0:01:02]} 25. Bxg7+ {[%emt 0:00:19]} Kxg7 {[%emt 0:00:15]} 26. Rxa7 {[%emt 0:00:06]} Rxb4 {[%emt 0:07:22]} 27. Rxc7+ {[%emt 0:00:20]} Kf6 {[%emt 0:00:01]} 28. fxe4 {[%emt 0:00:12]} fxe4 {[%emt 0:00:41]} 29. Re3 {[%emt 0:00:01]} Rb5 {[%emt 0:00:52]} 30. Rc3 {[%emt 0:01:25]} Ra5 {[%emt 0:02:45]} 31. Rd7 {[%emt 0:01:34]} e3 {[%emt 0:02:40]} 32. Rd1 {[%emt 0:00:23]} Kf5 {[%emt 0:01:32]} 33. Re1 {[%emt 0:05:43]} Kf4 {[%emt 0:00:44]} 34. b4 {[%emt 0:14:09]} Rb5 {[%emt 0:00:02]} 35. Rb3 {[%emt 0:00:51]} Re4 {[%emt 0:00:16]} 36. Reb1 {[%emt 0:08:08]} Rb8 {[%emt 0:03:31]} 37. Kf1 {[%emt 0:04:39]} Rc4 {[%emt 0:00:51]} 38. R1b2 {[%emt 0:00:48]} Re8 {[%emt 0:02:17]} 39. Ke2 {[%emt 0:00:35]} Ree4 {[%emt 0:00:00]} 40. b5 {[%emt 0:00:00]} cxb5 {[%emt 0:00:00]} 41. Rxb5 {[%emt 0:00:00]} Re5 {[%emt 0:00:00]} 42. R2b4 {[%emt 0:00:00]} Rexc5 {[%emt 0:00:00]} 43. Kd3 {[%emt 0:00:00]} Rxb4 {[%emt 0:00:00] Ke4+ Ke5+} 1/2-1/2